|
|
|
|
| LEADER |
00000cam a2200000 7i4500 |
| 001 |
0000003552 |
| 005 |
20060621.0 |
| 020 |
0 |
0 |
|a 1853832502
|
| 090 |
0 |
0 |
|a 333.72
|b CAI
|
| 100 |
1 |
0 |
|a Cairncross, Frances.
|
| 245 |
1 |
0 |
|a Green, Inc :
|b guide to business and the environment
|c Frances Cairncross.
|
| 260 |
0 |
0 |
|a London :
|b Earthscan ,
|c 1995.
|
| 300 |
|
|
|a x, 277 p. ;
|c 22 cm.
|
| 650 |
0 |
0 |
|a Business enterprises
|x Environmental aspects
|
| 650 |
0 |
0 |
|a Economic development
|x Environmental aspects.
|
| 650 |
0 |
0 |
|a Environmental protection
|
| 999 |
|
|
|a 0000006930
|b Monograph
|c Open Shelf
|e Default branch
|